Poder, mercado y estado: los bancos de Chile en el siglo XIX
Saved in:
| Hovedforfatter: | |
|---|---|
| Format: | Bog |
| Sprog: | spansk |
| Udgivet: |
Santiago, Chile
LOM
2003
|
| Serier: | Colección Historia
|
| Fag: | |
| Tags: |
Tilføj Tag
Ingen Tags, Vær først til at tagge denne postø!
|
MARC
| LEADER | 00000nam a2200000 a 4500 | ||
|---|---|---|---|
| 001 | UCL2872 | ||
| 003 | CL-VaPUC | ||
| 005 | 20240612162208.0 | ||
| 008 | 031107e20030000CL |||||||||||||||||spa|d | ||
| 999 | |c 306046 |d 306044 | ||
| 020 | |a 9562825639 | ||
| 040 | |c Pontificia Universidad Católica de Valparaíso | ||
| 082 | 0 | 4 | |a 336.983 ROS 2003 |2 21 |
| 100 | 0 | |a Ross Orellana, César |e author |9 480027 | |
| 245 | 1 | 0 | |a Poder, mercado y estado: |b los bancos de Chile en el siglo XIX |
| 260 | |a Santiago, Chile |b LOM |c 2003 | ||
| 300 | |a 179 páginas | ||
| 490 | 0 | |a Colección Historia | |
| 583 | |a last modification |c 20031107 00:00:00 |k Rodrigo Vera | ||
| 650 | 0 | |a Bancos |y SIGLO 19 |z CHILE |9 254963 | |
| 650 | 7 | |a HISTORIA DE CHILE |2 CL-VaPUC |9 257187 |y SIGLO 19 | |
| 650 | 7 | |a PODER ECONOMICO |2 CL-VaPUC |9 338221 |y SIGLO 19 |z CHILE | |
| 852 | |a BIBCUR | ||
| 942 | |c BK |2 ddc | ||
| 945 | |d 20031107 00:00:00 |a cmena | ||
| 952 | |0 0 |1 0 |2 ddc |4 0 |6 336_983000000000000_ROS_2003 |7 0 |8 A |9 370739 |a BIBHIS |b BIBHIS |d 2019-11-21 |i 3955737 |o 336.983 ROS 2003 |p 3955737 |r 2025-01-20 |t 1 |w 2019-11-21 |y BK |k HIS | ||
| 952 | |0 0 |1 0 |2 ddc |4 0 |6 336_983000000000000_ROS_2003 |7 0 |8 X |9 370740 |a FDOBUD |b FDOBUD |d 2019-11-21 |i 4587324 |o 336.983 ROS 2003 |p 4587324 |r 2019-11-21 |t 2 |w 2019-11-21 |y BK_X |k BUD | ||